| 000 | 00364nam a22001577a 4500 | ||
|---|---|---|---|
| 003 | SGT | ||
| 020 | _a9789357439394 | ||
| 082 |
_a614 _bMOD |
||
| 100 | _aMODI JAISING P. | ||
| 245 | _aA TEXTBOOK OF MEDICAL JURISPRUDENCE AND TOXICOLOGY | ||
| 250 | _a25TH | ||
| 260 |
_bLEXIS NEXIS _c2017 |
||
| 300 | _a382 | ||
| 650 | _aPHYSICAL SCIENCE | ||
| 942 |
_2ddc _cBK _01 |
||
| 999 |
_c15768 _d15768 |
||